| 000 | 01018nam0a2200301 4500 | ||
|---|---|---|---|
| 001 | RU\NLR\bibl\1696937 | ||
| 005 | 20250616060217.0 | ||
| 010 |
_a978-5-377-03898-6 _930000 |
||
| 021 |
_aRU _b2010-75818 _95044 |
||
| 021 |
_aRU _b2011-73954 _95260 |
||
| 021 |
_aRU _b2012-68927 _95055 |
||
| 021 |
_aRU _b2013-24135 _91668 |
||
| 035 | _a(NLR Aleph) 001688030 | ||
| 090 |
_a1143075 _c1143075 |
||
| 100 | _a20101110d2011 |||y0rusy50 ca | ||
| 101 | 0 | _arus | |
| 102 | _aRU | ||
| 105 | _ay ||||||||| | ||
| 200 | 1 | _aФизика. Ответы на экзаменационные билеты. 9 класс: шпаргалки к билетам | |
| 210 |
_aМосква _cЭкзамен _d2011 |
||
| 215 | _d20 | ||
| 225 | 1 | _a24 часа до экзамена и ГИА | |
| 700 | 1 |
_aСоколова _bС. А _4070 |
|
| 801 | 0 |
_aRU _bNLR _c20101110 _gRCR |
|
| 801 | 1 |
_aRU _bNLR _c20101110 |
|
| 942 | _cBOOK | ||
| 980 | _aNB | ||